| 000 | 00421nam a2200181Ia 4500 | ||
|---|---|---|---|
| 008 | 210210b2005 xxu||||| |||| 00| 0 eng d | ||
| 041 | _aeng | ||
| 082 | _a891.463 OLIS | ||
| 100 | _aOLIVERA (Ronald Padukone) | ||
| 245 | _aSarga vaili mai | ||
| 260 |
_aManglur _bAshavadi Prakashan _c2005 |
||
| 300 | _a111 | ||
| 650 | _availi | ||
| 650 | _aSarga | ||
| 650 | _amai | ||
| 690 | _aKonkani Fiction | ||
| 906 | _a064070 | ||
| 999 |
_c139355 _d139355 |
||